000 00469cam a2200145 4500500
005 20251012012238.0
041 _afre
042 _adc
100 1 0 _aHannoun, Arthur
_eauthor
245 0 0 _aLa Plus Secrète Mémoire des hommes
260 _c2021.
500 _a85
786 0 _nPhilosophie magazine | 155 | 12 | 2021-12-01 | p. 57-58 | 1951-1787
856 4 1 _uhttps://shs.cairn.info/magazine-philosophie-magazine-2021-12-1-page-57?lang=fr&redirect-ssocas=7080
999 _c1526021
_d1526021